000 00854pam a2200241 4500
001 1723437
005 20241213124403.0
008 730530s1973 caua b 001 0 eng
020 _a0716708825
020 _a0716708817 (pbk.)
050 0 0 _aQH501
_b.H35
082 0 0 _a574.8/8
100 1 _aHanawalt, Philip C.,
_d1931-
_ecompiler.
245 1 4 _aThe chemical basis of life:
_ban introduction to molecular and cell biology; readings from Scientific American.
_cWith introductions by Philip C. Hanawalt and Robert H. Haynes.
260 _aSan Francisco,
_bW. H. Freeman
_c[1973]
300 _aviii, 405 p.
_billus.
_c30 cm.
650 0 _aMolecular biology.
650 0 _aCytology.
650 2 _aBiochemistry
_xCollected works.
650 2 _aMolecular biology
_xCollected works.
700 1 _aHaynes, Robert H.,
_d1931-
_ecompiler.
942 _2lcc
_cBK
_n0
999 _c2145
_d2145